7-Letter Cities (US) Quiz Stats

 Plays Quiz Updated Jun 8, 2018

Score 0/24 Timer 06:00
12 Plays Today
Overall Rank City % Correct
1New York, New York
96.7%
3Chicago, Illinois
89.4%
4Houston, Texas
81.2%
25Seattle, Washington
73.1%
33Atlanta, Georgia
70.7%
6Phoenix, Arizona
69%
18Detroit, Michigan
68%
78Orlando, Florida
57.3%
58St. Louis, Missouri
55.3%
10San Jose, California
48.5%
20Memphis, Tennessee
47.9%
43Raleigh, North Carolina
45.9%
Overall Rank City % Correct
70Buffalo, New York
43%
44Oakland, California
34.2%
82Madison, Wisconsin
33.7%
72Lincoln, Nebraska
30.3%
51Wichita, Kansas
20.4%
55Anaheim, California
19.6%
77Norfolk, Virginia
17.9%
96Fremont, California
13.9%
84Lubbock, Texas
11.5%
88Hialeah, Florida
7.1%
86Garland, Texas
7.1%
97Gilbert, Arizona
5.7%

You're not logged in!

Compare scores with friends on all Sporcle quizzes.
OR
Log In

Sporcle TV

Today on Sporcle TV


Watch our educational content, quiz creation guides, and fun videos on Sporcle TV.

Show Comments

Extras

Top Quizzes Today


Score Distribution

Your Account Isn't Verified!

In order to create a playlist on Sporcle, you need to verify the email address you used during registration. Go to your Sporcle Settings to finish the process.

Report this User

Report this user for behavior that violates our Community Guidelines.

Details: